Гимн России - Statistics

General Stats
  • This quiz has been taken 252 times
  • The average score is 59 of 81
Answer Stats
Answer % Correct
Россия —
99%
Россия —
99%
на
98%
на
98%
наша
97%
наша
97%
наша
97%
держава,
96%
страна.
95%
страна!
95%
священная
94%
От
89%
великая
88%
любимая
87%
до
87%
Славься,
85%
Славься,
85%
Могучая
84%
воля,
84%
Отечество
84%
слава —
83%
времена!
83%
все
82%
наше
81%
свободное,
80%
Твоё
79%
поля.
79%
союз
78%
Мы
78%
народов
77%
края
77%
Братских
76%
вековой,
76%
гордимся
76%
тобой!
76%
южных
76%
полярного
76%
и
76%
и
76%
и
76%
достоянье
75%
морей
73%
наши
73%
мудрость
72%
Раскинулись
72%
леса
72%
народная!
71%
Предками
70%
данная
70%
Так
70%
так
70%
так
70%
ты
67%
ты
67%
Одна
65%
Одна
65%
свете!
64%
такая —
64%
родная
64%
земля!
64%
Богом
62%
Хранимая
61%
простор
60%
для
59%
для
59%
Широкий
58%
будет
58%
жизни
57%
было,
57%
есть
57%
всегда!
57%
мечты
56%
нам
55%
Нам
55%
Отчизне.
53%
силу
52%
верность
52%
даёт
50%
Грядущие
49%
года.
49%
открывают
48%
No matching quizzes found
Score Distribution
Percent of People with Each Score
Percentile by Number Answered
Your Score History
You have not taken this quiz